000 00611nam a2200181Ia 4500
008 151018s9999 xx 000 0 und d
082 _bRBASDV63960
_a891.463
100 _aसुमती क्षेत्रमाडे
245 _aपतिव्रता
250 _b1
260 _bशितल मेहता कोल्हापूर
_c2013
300 _a232
600 _aसुमती क्षेत्रमाडे
630 _aपतिव्रता
700 _aसुमती क्षेत्रमाडे
730 _aपतिव्रता
942 _cBOOK
999 _c1056301
_d1056298